| 000 | 00444nam a2200169 a 4500 | ||
|---|---|---|---|
| 001 | 0000-9220 | ||
| 003 | ELIB.Books | ||
| 008 | 110520 1929 | ||
| 035 | _a(ELIB.Books)0000-9372 | ||
| 082 |
_a234.2 _bFle |
||
| 100 | _aFleming, Daniel Johnson | ||
| 245 | _aWays of Sharing with the Other Faiths | ||
| 260 |
_bNew York: Association Press _c1929 |
||
| 650 | _aSalvation | ||
| 942 |
_2ddc _cBK |
||
| 998 |
_cbat _e2011-05-20 |
||
| 999 |
_c9220 _d9220 |
||